000 00362cam a2200145ua 4500
041 _aeng
_h
082 _a330.954
_bSAC/BA
100 _aT.N. Sachadeva, Sachdeva .
245 _aB.A Indian economic: full view at a glance
260 _aDelhi :
_bsudha publication pvt Ltd ,
_c1967.
300 _a480 ; .
504 _a
942 _cBK
999 _c11219
_d11219